| 000 | 02046nam a2200265 4500 | ||
|---|---|---|---|
| 005 | 20250405174608.0 | ||
| 008 | 180403s2025 000 0 eng d | ||
| 040 |
_aCO-CtgCURN _bspa _ccoctgcurn |
||
| 082 | 0 |
_aADE 2024 _bC172 |
|
| 100 | 1 | _aCamargo Cárdenas, Manuel David. | |
| 245 | 1 | 0 |
_aImpacto de la escucha activa como estrategia en la gestión empresarial del comportamiento humano en la cadena de hoteles (geh suites hoteles) tres estrellas de la ciudad de Cartagena de Indias / _cManuel David Camargo Cárdenas; Daniela Enith Salcedo Pérez; Yulianis Marcela Angulo Mejía; Gladis Zenith Mercado Duran; asesor Omaira Bernal Payares; Jorge Villalba Vilches. |
| 260 |
_aCartagena de Indias : _bCorporación Universitaria Rafael Nuñez, _c2025. |
||
| 300 | _a62 hojas. | ||
| 504 | _aTrabajo de grado (Administración de Empresas). Corporación Universitaria Rafael Nuñez. Facultad de Ciencias contables y administrativas. Administración de Empresas, 2024. | ||
| 520 | _a"Este trabajo de investigación se centra en la gestión del comportamiento humano en el sector hotelero, específicamente en la importancia de la escucha activa como estrategia para mejorar el rendimiento y la satisfacción de los colaboradores. A través de un análisis detallado, se explorará cómo la motivación y la autorrealización de los empleados impactan en la productividad y el cumplimiento de los objetivos organizacionales." | ||
| 650 | 0 |
_aAdministración de empresas _vTesis y disertaciones academicas. |
|
| 700 | 1 | _aSalcedo Pérez, Daniela Enith. | |
| 700 | 1 | _aAngulo Mejía, Yulianis Marcela. | |
| 700 | 1 | _aMercado Duran, Gladis Zenith. | |
| 700 | 1 |
_aBernal Payares, Omaira, _eDirector. |
|
| 700 | 1 |
_aVillalba Vilches, Jorge, _eDirector. |
|
| 856 |
_uhttps://unicurn.sharepoint.com/:b:/s/biblioteca/EcouBoerBxhLqgIVOtGHUUYBTe3fBLaIGFGmLl1-iKNSlw?e=b1zzPz _zClick aqui para ver el recurso en texto completo |
||
| 942 |
_2ddc _aMHC _bMHC _cTG _hADE 2024 _iC172 |
||
| 999 |
_c29522 _d29522 |
||